00264 a2200121 4500001000700000020000600007040001100013100002300024240003400047245002900081362000900110440002300119175889 a  cMagnum aBraz, Julio Emilio10aAlgum lugar lugar nenhumlpor10aAlgum lugar lugar nenhum0 a1899 1aAo Livro Técnico